000 01740cam a22001814a 4500
005 20250605164023.0
008 250528s ||||||||||||||||||||||||d
035 _a16427
040 _aGR-AtMCL
_bgre
_dGR-AtMCL
_eAACR2
245 1 _aTο Ελληνικό Ισοζύγιο Πληρωμών / Επιπτώσεις από την Ένταξη και την Ενοποίηση της Εσωτερικής Αγοράς της ΕΟΚ: Εκθέσεις 5
260 _bΚέντρο Προγραμματισμού Και Οικονομικών Ερευνών,
_c1991
300 _a240
520 _aΕισαγωγή, Εξελίξεις κατά τη Πενταετία 1983-1987, Εξέλιξη των Εμπορικών Συναλλαγών, Διαρθρωτικά Προβλήματα του Ισοζυγίου, Συνολικό Ισοζύγιο, Διαρθρωτικά Προβλήματα των Επιμέρους Κονδυλίων του Ισοζυγίου, Μεταβολές στη Πολιτική και Αναμενόμενες Επιπτώσεις, Πολιτική Ισοζυγίου Πληρωμών μετά τη Λήξη της Μεταβατικής Περιόδου από την Ένταξη και με την Προοπτική της Πλήρους Ενοποίησης της Εσωτερικής Αγοράς της ΕΟΚ, Προοπτικές για την Εξέλιξη του Ισοζυγίου Πληρωμών και του Εξωτερικού Χρέους στην Πενταετία 1988-1992, Συμπεράσματα και Προτάσεις Πολιτικής, Βιβλιογραφία.
700 1 _aΜαρούλης Δημήτριος Κ
_92516
942 _cBK
999 _c1927
_d1927